Pyarae Darisana/ (Record no. 43168)

MARC details
000 -LEADER
fixed length control field 00860njm a22002297a 4500
005 - DATE AND TIME OF LATEST TRANSACTION
control field 20100830111935.0
007 - PHYSICAL DESCRIPTION FIXED FIELD--GENERAL INFORMATION
fixed length control field sd ammalaaahaa
008 - FIXED-LENGTH DATA ELEMENTS--GENERAL INFORMATION
fixed length control field 100830t xxu||||| |||| 00| 0 eng d
028 ## - PUBLISHER NUMBER
Publisher number N.14422
Source His Master's Voice
028 ## - PUBLISHER NUMBER
Publisher number OME.4477
035 ## - SYSTEM CONTROL NUMBER
System control number GR-00031
040 ## - CATALOGING SOURCE
Original cataloging agency dpl
Transcribing agency dpl
245 ## - TITLE STATEMENT
Title Pyarae Darisana/
Statement of responsibility, etc sung by M.S.Subbulaxmi
Medium [sound recording]:
260 ## - PUBLICATION, DISTRIBUTION, ETC. (IMPRINT)
Place of publication, distribution, etc Dum Dum, India:
Name of publisher, distributor, etc His Master's Voice
300 ## - PHYSICAL DESCRIPTION
Extent 1 sound disc [GramphoneRecording]:
Other physical details analog,33.1/3 rpm
Dimensions 9.5 in.(MP)
Type of unit Gramphones Records
500 ## - GENERAL NOTE
General note Brief Record
505 ## - FORMATTED CONTENTS NOTE
Formatted contents note Hari thum raro(M.S.Subbulaxmi)-- Pyarae Darisana(M.S.Subbulaxmi)
650 ## - SUBJECT ADDED ENTRY--TOPICAL TERM
General subdivision Experts
Geographic subdivision India
9 (RLIN) 17446
Topical term or geographic name as entry element Classical Music
700 ## - ADDED ENTRY--PERSONAL NAME
Personal name Subbulaxmi, M.S.
9 (RLIN) 17585
942 ## - ADDED ENTRY ELEMENTS (KOHA)
Source of classification or shelving scheme Dewey Decimal Classification
Item type Gramaphone Records
Holdings
Withdrawn status Lost status Source of classification or shelving scheme Damaged status Not for loan Collection code Home library Current library Date acquired Source of acquisition Total Checkouts Barcode Date last seen Copy number Price effective from Koha item type
    Dewey Decimal Classification     Non-fiction Central Library Central Library 30/08/2010 SED/VEN   GR-00031 30/08/2010 1 30/08/2010 Gramaphone Records

© Delhi Public Library
Hit Counter
free hit counter